| 000 | 00957cam a22001814a 4500 | ||
|---|---|---|---|
| 005 | 20250605164354.0 | ||
| 008 | 250528s ||||||||||||||||||||||||d | ||
| 035 | _a24257 | ||
| 040 |
_aGR-AtMCL _bgre _dGR-AtMCL _eAACR2 |
||
| 245 | 1 | _aHeart Health / World Health - The Magazine of the World Health Organization | |
| 260 |
_bWorld Health, _c1992 |
||
| 300 | _a31 | ||
| 520 | _aHeartbeat - The Rhythm of Health World Health Day 1992, Cardiovascular Diseases: The World's Public Health Enemy, Health Trough Exercise - A Law of Nature, Don't Be Fooled by Tobacco, A Van Full of Bikes, The Menace of High Blood Pressure, The Donald Duck Family Takes Care of Its Health, Course to Heart Health, Public Policy for Sound Hearts, Let Music Soothe Your Heart, So that Yong Hearts May Thrive, Ideas for Action, Sing Along with Hearty. | ||
| 700 | 1 |
_aNakajima Hiroshi _99435 |
|
| 942 | _cCR | ||
| 999 |
_c9147 _d9147 |
||